El orden de los libros : (Record no. 105332)

MARC details
000 -LEADER
campo de control de longitud fija 02467nam a2200301 i 4500
001 - NÚMERO DE CONTROL
campo de control 128706
003 - IDENTIFICADOR DE NÚMERO DE CONTROL
campo de control BJBSDDR
005 - FECHA Y HORA DE LA ÚLTIMA TRANSACCIÓN
campo de control 20250819113657.0
008 - DATOS DE LONGITUD FIJA--INFORMACIÓN GENERAL
campo de control de longitud fija 180122b2017 sp a 000 0 spa
020 ## - NÚMERO INTERNACIONAL ESTÁNDAR DEL LIBRO
Número Internacional Estándar del Libro 9788416919253
040 ## - FUENTE DE CATALOGACIÓN
Centro catalogador/agencia de origen DLC
Centro/agencia transcriptor DLC
041 0# - CÓDIGO DE IDIOMA
Código de lengua del texto/banda sonora o título independiente spa
050 14 - SIGNATURA TOPOGRÁFICA DE LA BIBLIOTECA DEL CONGRESO
Número de clasificación Z 8
Número de ítem C486o 2017
100 1# - ENTRADA PRINCIPAL--NOMBRE DE PERSONA
Nombre de persona Chartier, Roger,
Fechas asociadas al nombre 1945-
9 (RLIN) 18564
245 03 - MENCIÓN DEL TÍTULO
Título El orden de los libros :
Resto del título lectores, autores, bibliotecas en Europa entre los siglos XIV y XVIII /
Mención de responsabilidad, etc. Roger Chartier ; prólogo de Ricardo García Cárcel ; [de la traducción, Viviana Ackerman].
260 ## - PUBLICACIÓN, DISTRIBUCIÓN, ETC.
Lugar de publicación, distribución, etc. Barcelona :
Nombre del editor, distribuidor, etc. Editorial Gedisa,
Fecha de publicación, distribución, etc. 2017.
300 ## - DESCRIPCIÓN FÍSICA
Extensión 108 p. ;
Dimensiones 23 cm.
440 #0 - MENCIÓN DE SERIE/PUNTO DE ACCESO ADICIONAL--TÍTULO
Título Gedisa_cult.
520 ## - RESUMEN, ETC.
Sumario, etc. Entre fines de la Edad Media y el siglo XVIII los hombres de Occidente intentaron controlar una enorme cantidad de textos que el libro manuscrito y luego el impreso habían puesto en circulación. Inventariar los títulos, clasificar las obras, dar un destino a los textos, fueron operaciones gracias a las cuales se hacía posible el ordenamiento del mundo de lo escrito. De este inmenso trabajo son herederos directos los tiempos contemporáneos. La invención del autor como principio fundamental de designación de textos, el sueño de una biblioteca universal, real o inmaterial, que contenga todas las obras escritas, el surgimiento de una nueva definición del libro, constituyen algunas de las innovaciones que, antes o después de Gutenberg, transforman la relación con los textos y se proponen instaurar un orden. No obstante, ninguno de estos dispositivos ha tenido el poder de anular la libertad de los lectores. Aunque limitada por las competencias y las convenciones, esta libertad transgrede y reformula las significaciones que intentan reducirla. La relación entre las normas y la posibilidad de violarlas no es siempre la misma, en todas partes y para todos. Reconocer sus diversas modalidades, sus variaciones múltiples, es el objeto primero de esta obra, escrita en vísperas de un tiempo en el que el orden de los libros podría ser nuevamente trastornado.
534 ## - NOTA SOBRE LA VERSIÓN ORIGINAL
Encabezamiento principal del original Título original: L'ordre des livres. Lecteurs, auteurs, bibliothèques en Europe entre XIV et XVIII siècle.
650 #0 - PUNTO DE ACCESO ADICIONAL DE MATERIA--TÉRMINO DE MATERIA
Término de materia o nombre geográfico como elemento de entrada Libros
Subdivisión geográfica Europa
Término de materia o nombre geográfico como elemento de entrada XIV/XVIII.
650 ## - PUNTO DE ACCESO ADICIONAL DE MATERIA--TÉRMINO DE MATERIA
Término de materia o nombre geográfico como elemento de entrada Bibliotecas y lectores
-- Europa
-- XIV/XVIII.
650 ## - PUNTO DE ACCESO ADICIONAL DE MATERIA--TÉRMINO DE MATERIA
Término de materia o nombre geográfico como elemento de entrada Autores
-- Europa
-- XIV/XVIII.
700 1# - ENTRADA AGREGADA--NOMBRE PERSONAL
Nombre de persona Garcia Càrcel, Ricard.
Fechas asociadas al nombre 1948-
9 (RLIN) 44387
700 ## - ENTRADA AGREGADA--NOMBRE PERSONAL
Nombre de persona Ackerman, Viviana Claudia.
942 ## - ELEMENTOS DE ENTRADA SECUNDARIOS (KOHA)
Fuente del sistema de clasificación o colocación Clasificación de Library of Congress
Tipo de ítem Koha Libro
946 ## - PROCESAMIENTO DE INFORMACIÓN LOCAL (OCLC)
Iniciales del agente catalogador lmm
Holdings
Estatus retirado Estado de pérdida Fuente del sistema de clasificación o colocación Estado de daño No para préstamo Colección Biblioteca de origen Biblioteca actual Ubicación en estantería Fecha de adquisición Signatura topográfica completa Código de barras Visto por última vez Copia número Tipo de ítem Koha
    Clasificación de Library of Congress     Humanidades Biblioteca Juan Bosch Biblioteca Juan Bosch Humanidades (4to. Piso) 11/04/2023 Z 8 C486o 2017 00000120730 21/01/2019 1